<?xml version="1.0" encoding="UTF-8"?>
<record
    xmlns:xsi="http://www.w3.org/2001/XMLSchema-instance"
    xsi:schemaLocation="http://www.loc.gov/MARC21/slim http://www.loc.gov/standards/marcxml/schema/MARC21slim.xsd"
    xmlns="http://www.loc.gov/MARC21/slim">

  <leader>01144nam a2200265 a 4500</leader>
  <controlfield tag="001">BRL_1711</controlfield>
  <controlfield tag="005">20190320211332.0</controlfield>
  <controlfield tag="008">130116s1984----mx-abh####---#000-0#spa-#</controlfield>
  <datafield tag="041" ind1=" " ind2=" ">
    <subfield code="a">spa</subfield>
  </datafield>
  <datafield tag="044" ind1=" " ind2=" ">
    <subfield code="a">mx</subfield>
  </datafield>
  <datafield tag="050" ind1=" " ind2="4">
    <subfield code="a">F1219.56.C74</subfield>
    <subfield code="b">.C63 1984</subfield>
  </datafield>
  <datafield tag="245" ind1="1" ind2="0">
    <subfield code="a">C&#xF3;dice de Huamantla</subfield>
    <subfield code="b">manuscrito de los siglos XVI y XVII, que se conserva en la sala de testimonios pictogr&#xE1;ficos de la Biblioteca Nacional de Antropolog&#xED;a e Historia y en la Biblioteca Estatal de Berlin</subfield>
    <subfield code="c">presentaci&#xF3;n Tulio Hern&#xE1;ndez G&#xF3;mez ; estudio iconogr&#xE1;fico, cartogr&#xE1;fico e hist&#xF3;rico de Carmen Aguilera.</subfield>
  </datafield>
  <datafield tag="260" ind1=" " ind2=" ">
    <subfield code="a">[Tlaxcala : M&#xE9;xico]</subfield>
    <subfield code="b">Instituto Tlaxcalteca de la cultura</subfield>
    <subfield code="c">1984</subfield>
  </datafield>
  <datafield tag="300" ind1=" " ind2=" ">
    <subfield code="a">[109 p.]</subfield>
    <subfield code="b">il., l&#xE1;minas</subfield>
    <subfield code="c">36 cm.</subfield>
    <subfield code="e">+ 1 cuadernillo (62 p.)</subfield>
  </datafield>
  <datafield tag="440" ind1=" " ind2="0">
    <subfield code="a">Codices y manuscritos Tlaxcala</subfield>
    <subfield code="v">2</subfield>
    <subfield code="9">27700</subfield>
  </datafield>
  <datafield tag="500" ind1=" " ind2=" ">
    <subfield code="a">Au2353</subfield>
  </datafield>
  <datafield tag="504" ind1=" " ind2=" ">
    <subfield code="a">Bibliograf&#xED;a: Suplemento p. 61-62</subfield>
  </datafield>
  <datafield tag="630" ind1="0" ind2="4">
    <subfield code="a">C&#xF3;dice de Huamantla</subfield>
    <subfield code="9">27701</subfield>
  </datafield>
  <datafield tag="650" ind1="1" ind2="4">
    <subfield code="a">Manuscritos otom&#xED;</subfield>
    <subfield code="x">Facs&#xED;miles</subfield>
    <subfield code="9">27702</subfield>
  </datafield>
  <datafield tag="650" ind1="1" ind2="4">
    <subfield code="a">Otom&#xED;es</subfield>
    <subfield code="x">Historia</subfield>
    <subfield code="9">27703</subfield>
  </datafield>
  <datafield tag="700" ind1="1" ind2=" ">
    <subfield code="a">Hern&#xE1;ndez G&#xF3;mez, Tulio</subfield>
    <subfield code="9">27704</subfield>
  </datafield>
  <datafield tag="700" ind1="1" ind2=" ">
    <subfield code="a">Aguilera Garc&#xED;a, Mar&#xED;a del Carmen</subfield>
    <subfield code="9">516</subfield>
  </datafield>
  <datafield tag="902" ind1=" " ind2=" ">
    <subfield code="a">GRL</subfield>
  </datafield>
  <datafield tag="942" ind1=" " ind2=" ">
    <subfield code="2">lcc</subfield>
    <subfield code="c">B</subfield>
  </datafield>
  <datafield tag="999" ind1=" " ind2=" ">
    <subfield code="c">10519</subfield>
    <subfield code="d">10519</subfield>
  </datafield>
  <datafield tag="952" ind1=" " ind2=" ">
    <subfield code="0">0</subfield>
    <subfield code="1">0</subfield>
    <subfield code="4">0</subfield>
    <subfield code="7">0</subfield>
    <subfield code="a">BRL</subfield>
    <subfield code="b">BRL</subfield>
    <subfield code="d">2014-05-28</subfield>
    <subfield code="i">Au2353</subfield>
    <subfield code="l">0</subfield>
    <subfield code="o">F1219.56.C74 .C63 1984 (Au2353)</subfield>
    <subfield code="p">GRL01877</subfield>
    <subfield code="r">2019-03-22 00:00:00</subfield>
    <subfield code="w">2019-03-22</subfield>
    <subfield code="y">B</subfield>
  </datafield>
</record>
